Rois de Bavière - Statistiques

Statistiques générales
  • Ce quiz a été pris 71 fois
  • Le résultat moyen est 5 sur 6
Statistiques - réponses
Dates Roi % Correct
1825-1848 Louis Ier
100%
1864-1886 Louis II
100%
1913-1918 Louis III
100%
1806-1825 Maximilien Ier
59%
1848-1864 Maximilien II
59%
1886-1913 Othon Ier
46%
Aucun quiz correspondant
Distribution des résultats
% des personnes avec chaque résultat
Percentile par nombre de réponses
Votre historique - résultats
Vous n’avez pas pris ce quiz